000 00709nam a2200289Ia 4500
005 20260324122247.0
008 008 260324s9999 xx 000 0 eng d
020 _a9780429168031
037 _aEBOOK
040 _aCRL
040 _beng
040 _cCRL
041 _2eng
041 _aeng
084 _qCRL
100 _aNora Savage; Michael E. Gorman; Anita Street
_91165753
245 0 _aEmerging Technologies
245 0 _bSocio-Behavioral Life Cycle Approaches
260 _bTaylor and Francis
260 _c2013
365 _a
365 _b260
856 _uhttp://www.taylorfrancis.com/books/9780429168031
942 _cEBOOK
999 _c1758345
_d1758345